000 00692nam a2200217Ia 4500
008 191130s2006##################000#0#eng##
020 _a9780415386678
022 _a2005020200
040 _aACL
_cACL
082 _a327.174 RAP
100 _aRappert, Brian
245 _aControlling the weapons of war : politics, persuasion and the prohibition of inhumanity
_cBrian Rappert
260 _aLondon ; New York
_bRoutledge
_cc2006
300 _axii, 223 p. ; 24 cm
500 _aIncludes bibliographical references (p. [218]-219) and index
650 _aArms control
650 _aMilitary weapons
990 _a00d2433eac10000c07e94ff8e02d9c84
991 _a135615
999 _c138799
_d138799